Constitutional Justice in Africa : (Record no. 4859)

MARC details
000 -LEADER
fixed length control field 01212cam a2200169 i 4500
020 ## - INTERNATIONAL STANDARD BOOK NUMBER
ISBN 9780409113709
020 ## - INTERNATIONAL STANDARD BOOK NUMBER
ISBN 9780409113723
050 00 - CALL NUMBER
Classification number K3175
Item number .At8
100 1# - AUTHOR
Personal name Atupare, Atudiwe P.
245 10 - TITLE
Title Constitutional Justice in Africa :
Remainder of title An Examiniation of Constitutional Positivism Fundamental Law and Right in Ghana and Nigeria /
Statement of responsibility, etc Dr. Atudiwe P. Atupare, B.A., LL.B.(Gh), M.A.(Brock) LL.M. PhD (Queen's Canada).
260 ## - PUBLICATION INFORMATION
Place of publication South Africa
Name of publisher Lexis, Nexis Ltd
Year of publication 2011
300 ## - DESCRIPTION
Number of Pages 2 volumes ;
Dimensions 23 cm
500 ## - NOTES
General note Includes subject matter index.
505 ## - FORMATTED CONTENTS NOTE
Table of Content The constitutional setting for human rights in Ghana and Nigeria-<br/>The Constitution as fundamental law for the collective good --<br/>Theories of rights and the legitimacy of Judicial Review --<br/>Independent courts and Judicial Application of fundamental Law Theories in Ghana--<br/>General approaches to constitutional interpretation in Ghana and Nigeria --<br/>Fundamental Law, Human Right,and the Directive Principles Jurisprudence in Ghana and Nigeria --<br/>Consolidating an Integrated Rights Approach: Socio- Economic Constitutional Justice in Ghana and Nigeria --<br/>Conclusion:Constitutional Justice in Africa --<br/><br/> <br/><br/>
650 #0 - SUBJECTS
Topical Term Torts
942 ## - ADDED ENTRY ELEMENTS (KOHA)
Koha item type Books
Holdings
Withdrawn status Lost status Collection code Home library Current library Shelving location Date acquired Source of acquisition Full call number Accession Number Koha item type
    Reference Methodist University Law Library Methodist University Law Library General Stacks   Legon Book Shop K3175 .At8 5073 Books
Copyright © 2026  MUG Library